| 000 | 00779nam a2200217 a 4500 | ||
|---|---|---|---|
| 001 | 000047376 | ||
| 005 | 20201002060516.0 | ||
| 008 | 180510s1978 dr a 000 0 spa d | ||
| 020 | _a8439983298 | ||
| 040 |
_aDO-SdBNP _bspa _cBNPHU |
||
| 082 |
_axxx _bxxx |
||
| 245 | 0 | 3 |
_aLa matematica en la vida diaria : _b5to. grado / _cConstantino Marcos...[et.al]. |
| 260 |
_aSanto Domingo, : _bDisesa _bSM, _c1978. |
||
| 300 |
_a239 p. : _bil. ; _c22 cm. |
||
| 500 | _aAdaptao para la República Dominicana por Andres Aristides Fulcar Berigüette y Luis Humberto Monsanto Pérez | ||
| 590 | _aInventariado, 2018/ YL | ||
| 700 | 1 |
_aMarcos, Constantino _975025 |
|
| 700 | 1 |
_aMartínez, Jacinto _975026 |
|
| 700 | 1 |
_aFulcar B., Aristides _975027 |
|
| 700 | 1 |
_aMonsanto Pérez, Humberto _975028 |
|
| 999 |
_c46864 _d46864 |
||